000 00344cam a22001217a 4500
008 180718b1973 xxu||||| |||| 00| 0 eng d
082 _aOA56x5415 R211
100 _aRay, Amita
245 _aArt of Nepal
_cby Amita Ray
260 _aNew Delhi
_bIndian Council For Cultural Relations
_c1973
300 _a78p. + 102 illus
650 _aArt, Nepalese
999 _c352597
_d352597